000 00220nam a2200109Ia 4500
100 _a#N/A
942 _cBK
654 _aimage processing
245 _aDigital Image Processing
260 _b#N/A
_c2001
546 _aENGLISH
999 _c31391
_d31391